000 00604nam a2200229Ia 4500
003 OSt
005 20221005131852.0
006 a|||||r|||| 00| 0
007 ta
008 221004b |||||||| |||| 00| 0 san d
024 _a62242
037 _cTextual
040 _aCRL
_cCRL
_bsan
041 _2san
_asan
082 _aO15,1D40,2, 32G6
100 _aSamithavam Kumara Au.
_9640223
245 0 _aT Karuna karan panikkar
260 _c1936
650 _aSANSKRIT POETRY
_9155567
942 _hO15,1D40,2, 32G6
_cTEXL
_2cc
999 _c1061691
_d1061691